Use of moral theory to analyse the RICS Nine Core Values and RICS Rules of Conduct (Record no. 111186)

MARC details
000 -LEADER
fixed length control field 00982cad a22002295a 4500
001 - CONTROL NUMBER
control field E151137
008 - FIXED-LENGTH DATA ELEMENTS--GENERAL INFORMATION
fixed length control field 101004s2009 xxk f 100 0 eng d
020 ## - INTERNATIONAL STANDARD BOOK NUMBER
International Standard Book Number 9781842195192
035 ## - SYSTEM CONTROL NUMBER
System control number (Sirsi) u151137
041 0# - LANGUAGE CODE
Language code of text/sound track or separate title eng
100 1# - MAIN ENTRY--PERSONAL NAME
Personal name Poon, Joanna
111 2# - MAIN ENTRY--MEETING NAME
Meeting name or jurisdiction name as entry element Construction and Building Research Conference
Location of meeting University of Cape Town
Date of meeting or treaty signing 10-11 September 2009
245 00 - TITLE STATEMENT
Title Use of moral theory to analyse the RICS Nine Core Values and RICS Rules of Conduct
Medium [electronic resource]
260 ## - PUBLICATION, DISTRIBUTION, ETC.
Place of publication, distribution, etc. London
Name of publisher, distributor, etc. RICS
Date of publication, distribution, etc. 2009
520 ## - SUMMARY, ETC.
Summary, etc. A paper presented at the COBRA Conference in Cape Town on 10-11 September 2009.
590 ## - LOCAL NOTE (RLIN)
Local note KA
650 24 - SUBJECT ADDED ENTRY--TOPICAL TERM
Topical term or geographic name entry element CONSTRUCTION AND BUILDING RESEARCH CONFERENCE (COBRA)
651 #4 - SUBJECT ADDED ENTRY--GEOGRAPHIC NAME
Geographic name United Kingdom
Chronological subdivision
690 ## - LOCAL SUBJECT ADDED ENTRY--TOPICAL TERM (OCLC, RLIN)
Topical term or geographic name as entry element ABOUT RICS-RICS PROFESSIONAL REGULATION AND CONSUMER PROTECTION-RULES OF CONDUCT
856 40 - ELECTRONIC LOCATION AND ACCESS
Uniform Resource Identifier <a href="https://www.rics.org/site/scripts/download_info.aspx?fileID=4987&categoryID=524">https://www.rics.org/site/scripts/download_info.aspx?fileID=4987&categoryID=524</a>
Public note View the item free of charge at www.rics.org
942 ## - ADDED ENTRY ELEMENTS (KOHA)
Suppress in OPAC 0
Holdings
Withdrawn status Lost status Source of classification or shelving scheme Damaged status Not for loan Home library Current library Shelving location Date acquired Total Checkouts Full call number Barcode Date last seen Copy number Price effective from Koha item type
    Dewey Decimal Classification     Virtual Virtual Online 04/10/2010   ONLINE PUBLICATION 151137-2001 06/08/2019 1 06/08/2019 Book